000 01033pam a2200301 i 4500
001 1902
003 BD-RjUL
005 20211208233434.0
008 131209r1976 ctu b 000 0 eng
020 _a0837189624
035 _a(BD-RjUL)1929
040 _aDLC
_cDLC
_dDLC
_beng
041 _aeng
082 0 0 _a327.41
_216
_byoc 1964
100 1 _aYounger, Kenneth Gilmour,
_d1908-
_96277
245 1 0 _aChanging perspectives in British foreign policy /
_cby Kenneth Younger.
260 _aWestport, Conn. :
_bGreenwood Press,
_c1976, c1964.
300 _aviii, 139 p. ;
_c23 cm.
500 _aReprint of the ed. published by Oxford University Press, London, which was issued as no. 7 of Chatham House essays.
504 _aIncludes bibliographical references.
526 _bPsychology
610 2 0 _aEuropean Economic Community.
_96285
650 0 _aWorld politics
_y1945-1989.
_96279
651 0 _aGreat Britain
_xForeign relations
_y1945-
_96280
942 _2ddc
_cBK
999 _c1902
_d1902